000 00644nam a22002057a 4500
003 OSt
005 20250626095242.0
008 250626t |||||||| |||| 00| 0 spa d
020 _a8483060647
037 _bDonación
040 _aCO-JMCR
_bspa
_cCO-JMCR
_dCO-JMCR
_erda
041 0 1 _aspa
_hfre
082 0 4 _223
_a320.12
_bR17u
100 1 _aRamonet, Ignacio,
_eautor
_944188
245 1 0 _aUn mundo sin rumbo :
_bcrisis de fin de siglo /
_cIgnacio Ramonet ; traductor Antonio Albiñana.
260 _aMadrid :
_bTemas de Debate,
_c©1997.
300 _a246 páginas ;
_c22 cm.
700 1 _aAlbiñana, Antonio,
_etraductor
_944189
942 _2ddc
_cBK
999 _c31023
_d17407